[Event "Qatar Masters Open 2024"]
[Site "Doha QAT"]
[Date "2024.12.05"]
[Round "3.42"]
[White "Kunal, M."]
[Black "Sahib, Singh"]
[Result "1/2-1/2"]
[WhiteTitle "FM"]
[BlackTitle "FM"]
[WhiteElo "2292"]
[BlackElo "2438"]
[WhiteFideId "5018250"]
[BlackFideId "25618342"]
[EventDate "2024.12.03"]

1. e4 e5 2. Nf3 Nc6 3. Bb5 a6 4. Ba4 Nf6 5. O-O d6 6. Bxc6+ bxc6 7. Re1 c5 8. c3
Bg4 9. d4 Nd7 10. Be3 cxd4 11. cxd4 g6 12. Nbd2 Bg7 13. Qc2 O-O 14. h3 Bxf3 15.
Nxf3 Qb8 16. b3 Rc8 17. Rad1 c5 18. dxe5 Nxe5 19. Nxe5 Bxe5 20. Rd5 Qb4 21. Bd2
Qb6 22. Rd1 Rc6 23. Bc3 Bxc3 24. Qxc3 Re8 25. Qf6 Re6 26. Qf4 c4 27. bxc4 Rxc4
28. Rxd6 Rcxe4 29. Rxe6 Qxe6 30. Qb8+ Kg7 31. Qb2+ Qe5 32. Qxe5+ 1/2-1/2

[Event "Qatar Masters Open 2024"]
[Site "Doha QAT"]
[Date "2024.12.05"]
[Round "3.43"]
[White "Gan-Erdene, Sugar"]
[Black "Vivaan Vishal Shah"]
[Result "1-0"]
[WhiteTitle "IM"]
[BlackTitle "CM"]
[WhiteElo "2437"]
[BlackElo "2296"]
[WhiteFideId "4902980"]
[BlackFideId "25184237"]
[EventDate "2024.12.03"]

1. e4 c5 2. Nf3 d6 3. d4 cxd4 4. Nxd4 Nf6 5. Nc3 a6 6. Nb3 e6 7. g4 b5 8. a3 Bb7
9. Bg2 Nfd7 10. g5 Nc6 11. f4 h6 12. h4 hxg5 13. hxg5 Rxh1+ 14. Bxh1 Nb6 15. a4
b4 16. Ne2 a5 17. Nbd4 Nxd4 18. Nxd4 g6 19. b3 Rc8 20. Qe2 e5 21. Nb5 Be7 22.
Bb2 Ba6 23. fxe5 Bxg5 24. Rd1 Bxb5 25. axb5 Qc7 26. exd6 Qd7 27. Bg2 Rc5 28. Bd4
Qxd6 29. e5 Qc7 30. Bxc5 Qxc5 31. Kf1 Be3 32. Rd3 Bf4 33. e6 f5 34. e7 Qxe7 35.
Qf2 Qc7 36. Bc6+ Kf7 37. Rh3 Kg8 38. Qh4 Be5 39. Rd3 Bg7 40. Qg5 Kf7 41. Qe3 Bf6
42. Rd2 Kg7 43. Re2 Qd8 44. Qd2 Qc7 45. Rh2 Qe5 46. Qh6+ Kf7 47. Re2 Bg7 48.
Be8+ Qxe8 49. Qxg7+ Kxg7 50. Rxe8 Kf7 51. Rb8 Nd7 52. Ra8 Ke6 53. Rxa5 Kd5 54.
Ra7 Ne5 55. b6 Kc6 56. Re7 Nd7 57. Re6+ Kb7 58. Rxg6 Nxb6 59. Rd6 Ka6 60. Rf6
Kb5 61. Rxf5+ 1-0

[Event "Qatar Masters Open 2024"]
[Site "Doha QAT"]
[Date "2024.12.05"]
[Round "3.44"]
[White "Uskov, Artem"]
[Black "Nayak, Rajesh"]
[Result "1-0"]
[WhiteTitle "IM"]
[BlackTitle "CM"]
[WhiteElo "2430"]
[BlackElo "2292"]
[WhiteFideId "34254854"]
[BlackFideId "35017152"]
[EventDate "2024.12.03"]

1. e4 c5 2. Nf3 Nc6 3. d4 cxd4 4. Nxd4 Nf6 5. Nc3 d6 6. Bc4 Bd7 7. O-O g6 8.
Nxc6 Bxc6 9. Bg5 Bg7 10. Nd5 O-O 11. Bxf6 exf6 12. c3 Re8 13. Qd3 Qd7 14. Rae1
Bxd5 15. Bxd5 Re7 16. Rd1 Rae8 17. f4 Qg4 18. Rd2 Bh6 19. Rdf2 Qc8 20. g3 Qc5
21. Kg2 b5 22. g4 Qc8 23. g5 fxg5 24. fxg5 Qg4+ 25. Qg3 Qxg3+ 26. hxg3 Bxg5 27.
Bxf7+ Rxf7 28. Rxf7 a5 29. Rb7 1-0

[Event "Qatar Masters Open 2024"]
[Site "Doha QAT"]
[Date "2024.12.05"]
[Round "3.45"]
[White "Harsh, Suresh"]
[Black "Jaiveer, Mahendru"]
[Result "1-0"]
[WhiteTitle "IM"]
[BlackTitle "FM"]
[WhiteElo "2420"]
[BlackElo "2271"]
[WhiteFideId "45018464"]
[BlackFideId "25611151"]
[EventDate "2024.12.03"]

1. c4 e5 2. Nc3 Nf6 3. Nf3 Nc6 4. e4 Bb4 5. d3 d6 6. Be2 h6 7. O-O O-O 8. Ne1
Bc5 9. Nc2 Nh7 10. Bg4 f5 11. exf5 Bxf5 12. Bxf5 Rxf5 13. Qg4 Qd7 14. Bxh6 Rxf2
15. Qxd7 Rf7+ 16. d4 Rxd7 17. dxc5 gxh6 18. cxd6 Rxd6 19. Nd5 Rd7 20. Nce3 Kg7
21. Nf5+ Kg6 22. Rad1 Rf8 23. Nf4+ exf4 24. Nh4+ Kh5 25. Rxd7 Nf6 26. Rg7 Ne8
27. Ng6 Rf5 28. Rg8 Nf6 29. Nxf4+ Rxf4 30. Rxf4 Nxg8 31. Rf7 Nge7 32. Rg7 a5 33.
g3 a4 34. h4 b6 35. Kg2 Ng6 36. Kh3 Nce5 37. Rxc7 Nf8 38. Rg7 Nfg6 39. Rg8 Ng4
40. Rxg6 1-0

[Event "Qatar Masters Open 2024"]
[Site "Doha QAT"]
[Date "2024.12.05"]
[Round "3.46"]
[White "Fandi, Mazen"]
[Black "Akhmetov, Ayan"]
[Result "0-1"]
[BlackTitle "IM"]
[WhiteElo "2278"]
[BlackElo "2417"]
[WhiteFideId "7611625"]
[BlackFideId "13703706"]
[EventDate "2024.12.03"]

1. e4 d6 2. d4 g6 3. Nc3 Bg7 4. Nf3 Nf6 5. Bd3 O-O 6. O-O c6 7. Re1 Bg4 8. Be3
Nbd7 9. h3 Bxf3 10. Qxf3 e5 11. Rad1 Qb6 12. dxe5 Nxe5 13. Qxf6 Bxf6 14. Bxb6
axb6 15. Be2 Be7 16. f4 Nd7 17. a3 Nc5 18. g3 Bf6 19. Bf3 Bxc3 20. bxc3 Rxa3 21.
Re3 Rd8 22. Kf2 b5 23. e5 d5 24. c4 Rxe3 25. Kxe3 bxc4 26. g4 Ra8 27. f5 Ra3+
28. Kf2 Kf8 29. Rb1 Ke7 30. Re1 b5 31. h4 Ra2 32. f6+ Ke8 33. Ke3 Ne6 34. g5
Rxc2 35. Bg4 Rc3+ 36. Kf2 Ra3 37. Bxe6 fxe6 38. h5 gxh5 39. Rh1 Kf7 40. Rxh5 Kg8
41. g6 hxg6 42. Rh6 Ra2+ 43. Ke3 Rg2 44. Kd4 c3 45. Kc5 c2 46. Rh1 d4 47. Kd6 d3
48. Kxe6 Rf2 49. Ke7 d2 50. e6 d1=Q 51. f7+ Kg7 0-1

[Event "Qatar Masters Open 2024"]
[Site "Doha QAT"]
[Date "2024.12.05"]
[Round "3.47"]
[White "Begmuratov, Khumoyun"]
[Black "Al Hosani, Omran"]
[Result "0-1"]
[WhiteTitle "IM"]
[BlackTitle "IM"]
[WhiteElo "2416"]
[BlackElo "2239"]
[WhiteFideId "14210207"]
[BlackFideId "9308733"]
[EventDate "2024.12.03"]

1. e4 c5 2. Nf3 e6 3. g3 Nc6 4. Bg2 Nf6 5. d3 d5 6. O-O Be7 7. Bf4 Nh5 8. Bd2
Nf6 9. Re1 O-O 10. a4 b6 11. Na3 Bb7 12. e5 Nd7 13. h4 Re8 14. Bf4 Nf8 15. c3 a6
16. Bg5 Qd7 17. d4 Rec8 18. dxc5 bxc5 19. Nc4 dxc4 0-1

[Event "Qatar Masters Open 2024"]
[Site "Doha QAT"]
[Date "2024.12.05"]
[Round "3.48"]
[White "Vignesh Advaith Vemula"]
[Black "Klukin, Kirill"]
[Result "1/2-1/2"]
[BlackTitle "IM"]
[WhiteElo "2276"]
[BlackElo "2413"]
[WhiteFideId "25792059"]
[BlackFideId "24199273"]
[EventDate "2024.12.03"]

1. e4 c5 2. Nf3 d6 3. d4 cxd4 4. Nxd4 Nf6 5. Nc3 g6 6. Be3 Nc6 7. f3 h5 8. Bc4
Bd7 9. Qd2 Nxd4 10. Bxd4 Bh6 11. Be3 Bxe3 12. Qxe3 Qc7 13. Bb3 b5 14. O-O Rc8
15. a4 b4 16. Nb5 Qc5 17. Qxc5 Rxc5 18. Nxa7 O-O 19. Nb5 Bxb5 20. axb5 Rxb5 21.
Ra7 e6 22. Rfa1 Rfb8 23. Rc7 R5b7 24. Ra7 Rxc7 25. Rxc7 Ra8 26. Kf2 Ra1 27. Rc8+
Kg7 28. Rd8 d5 29. exd5 exd5 30. Rb8 Rb1 31. Rxb4 Rxb2 32. Rd4 Rb1 33. Bxd5 Nxd5
34. Rxd5 Rc1 35. Rd2 Kf6 36. Ke3 Ke5 37. Kd3 Kd5 38. Kc3+ Kc5 39. Kd3 Kd5 40. c3
h4 41. Rc2 Re1 42. c4+ Kc5 43. h3 Rd1+ 44. Ke3 f6 45. Ra2 Rd6 46. Ra5+ Kxc4 47.
Ra4+ Kc5 48. Rxh4 Rd8 49. Rg4 Rg8 50. Rd4 Re8+ 51. Re4 Rf8 52. Re7 Kd6 53. Rg7
g5 54. f4 gxf4+ 55. Kxf4 Ke6 56. Kg4 Ra8 57. h4 Ra4+ 58. Kh5 f5 59. g3 Kf6 60.
Kh6 Ra3 61. h5 Rb3 62. Kh7 Ra3 63. h6 Rb3 64. Kh8 Ra3 65. h7 Ra8+ 66. Rg8 Ra3
67. g4 fxg4 68. Rf8+ Kg5 69. Kg8 Rh3 70. Rf7 g3 71. Rg7+ Kf4 72. h8=Q Rxh8+ 73.
Kxh8 Kf3 74. Rxg3+ Kxg3 1/2-1/2

[Event "Qatar Masters Open 2024"]
[Site "Doha QAT"]
[Date "2024.12.05"]
[Round "3.49"]
[White "Rakhmatullaev, Almas"]
[Black "Daakshin, Arun"]
[Result "1-0"]
[WhiteTitle "IM"]
[BlackTitle "FM"]
[WhiteElo "2410"]
[BlackElo "2286"]
[WhiteFideId "14205793"]
[BlackFideId "366195016"]
[EventDate "2024.12.03"]

1. e4 c5 2. Nf3 d6 3. d4 cxd4 4. Nxd4 Nf6 5. Nc3 Nc6 6. Bc4 e6 7. Bb3 Bd7 8.
Ndb5 Qb8 9. Bf4 Ne5 10. a4 Be7 11. O-O O-O 12. Bg3 a6 13. Nd4 Qc7 14. Qe2 Rac8
15. Nd1 Nc4 16. c3 Rfe8 17. Re1 g6 18. Ne3 Nxe3 19. Qxe3 Nh5 20. Nf3 Nxg3 21.
hxg3 Qc5 22. Qd2 Red8 23. Rad1 Qb6 24. Qc2 Bf6 25. Rd3 Be8 26. Red1 Rc5 27. R1d2
Qc7 28. Nd4 Qe7 29. Qd1 Re5 30. Re2 Rc5 31. Nc2 Qf8 32. Ne3 Bc6 33. Ng4 Be7 34.
f4 Ra5 35. Bc2 Rh5 36. b4 f5 37. exf5 gxf5 38. Rxe6 Bd7 39. Rxe7 Qxe7 40. Nf6+
Qxf6 41. Qxh5 Rc8 42. Qd1 Be6 43. Bb3 Bxb3 44. Qxb3+ Kf8 45. Qd5 Rxc3 46. Rxc3
Qxc3 47. Qxf5+ Kg7 48. Qd7+ Kg8 49. Qxd6 Qxg3 50. Qb8+ Kf7 51. Qxb7+ Kg8 52.
Qd5+ Kf8 53. Qf5+ Ke8 54. Qe4+ Kf8 55. b5 axb5 56. axb5 Qb3 57. Qf5+ Kg7 58. Kh2
Qb4 59. Qe5+ Kf7 60. Qc7+ Kg8 61. b6 Qe1 62. Qd8+ Kf7 63. b7 1-0

[Event "Qatar Masters Open 2024"]
[Site "Doha QAT"]
[Date "2024.12.05"]
[Round "3.51"]
[White "Aziz, Husain"]
[Black "Quesada Perez, Luis Ernesto"]
[Result "0-1"]
[WhiteTitle "IM"]
[BlackTitle "GM"]
[WhiteElo "2329"]
[BlackElo "2564"]
[WhiteFideId "12100293"]
[BlackFideId "3520773"]
[EventDate "2024.12.03"]

1. d4 d5 2. Nf3 Nf6 3. Bf4 c5 4. e3 Nc6 5. Nbd2 Qb6 6. dxc5 Qxb2 7. Rb1 Qc3 8.
Bb5 e6 9. O-O Be7 10. e4 O-O 11. e5 Nd7 12. Nb3 Qb4 13. Nfd4 Nxd4 14. Nxd4 Qxc5
15. Re1 a6 16. Bd3 g6 17. Nb3 Qc7 18. Qg4 Qd8 19. Bh6 f5 20. exf6 Nxf6 21. Qd4
Rf7 22. h3 b5 23. Nd2 Nh5 24. g4 Bg5 25. Bxg5 Qxg5 26. Re5 Qh4 27. Bf1 Bd7 28.
Qe3 Nf4 29. Qg3 Qf6 30. Rbe1 Rc8 31. c3 Qe7 32. Nb3 Qa3 33. R1e3 Qxa2 34. Nd4
Rcf8 35. Re1 Qb2 36. R5e3 b4 37. Nf3 bxc3 38. Ne5 c2 39. Nxf7 Rxf7 40. Rc3 Qb1 0-1

[Event "Qatar Masters Open 2024"]
[Site "Doha QAT"]
[Date "2024.12.05"]
[Round "3.52"]
[White "Vaibhav, Jayant Raut"]
[Black "Mammadzada, Gunay"]
[Result "1/2-1/2"]
[WhiteTitle "CM"]
[BlackTitle "IM"]
[WhiteElo "2304"]
[BlackElo "2421"]
[WhiteFideId "5089034"]
[BlackFideId "13403729"]
[EventDate "2024.12.03"]

1. c4 e6 2. Nf3 d5 3. g3 d4 4. e3 Nc6 5. Bg2 Bc5 6. O-O Nf6 7. d3 dxe3 8. Bxe3
Bxe3 9. fxe3 O-O 10. d4 Qe7 11. Nc3 Rd8 12. Qe2 Rb8 13. Nd2 e5 14. d5 Bg4 15.
Bf3 Bxf3 16. Rxf3 e4 17. Rxf6 Qxf6 18. Ndxe4 Qe5 19. dxc6 bxc6 20. Rf1 h6 21. g4
Rd7 22. Ng3 Rbd8 23. Qf3 Qe6 24. Qe4 Rd2 25. Qxe6 fxe6 26. Rb1 Rc2 27. Nge2 Rdd2
28. b3 Rxe2 29. Nxe2 Rxe2 30. Rd1 Rxa2 31. Rd7 Rb2 32. Rxc7 Rxb3 33. Kf2 Rb2+ 1/2-1/2

[Event "Qatar Masters Open 2024"]
[Site "Doha QAT"]
[Date "2024.12.05"]
[Round "3.53"]
[White "Abdurakhmonov, Mukhammadali"]
[Black "Sriansh Das"]
[Result "1/2-1/2"]
[WhiteTitle "IM"]
[WhiteElo "2395"]
[BlackElo "2315"]
[WhiteFideId "14207346"]
[BlackFideId "45030081"]
[EventDate "2024.12.03"]

1. Nf3 d5 2. g3 Nf6 3. Bg2 c5 4. O-O Nc6 5. c4 e5 6. cxd5 Nxd5 7. Nc3 Be6 8. d3
Be7 9. Nd2 O-O 10. Nc4 Rc8 11. Bd2 Qd7 12. Rc1 Rfd8 13. Re1 f6 14. Qa4 Ncb4 15.
Qxd7 Rxd7 16. Nxd5 Nxd5 17. f4 b5 18. Na3 a6 19. Nb1 Bd6 20. Rf1 Rdc7 21. f5 Bf7
22. Nc3 Nxc3 23. Bxc3 b4 24. Bd2 Kf8 25. Kf2 a5 26. Rc4 Bxc4 27. dxc4 a4 28. Bc1
e4 29. Bxe4 Re8 30. Bd5 Be5 31. e4 g6 32. Kg2 Kg7 33. g4 g5 34. h4 h6 1/2-1/2

[Event "Qatar Masters Open 2024"]
[Site "Doha QAT"]
[Date "2024.12.05"]
[Round "3.54"]
[White "Amartuvshin, Ganzorig"]
[Black "Jani, Kushal R"]
[Result "1/2-1/2"]
[WhiteTitle "IM"]
[WhiteElo "2392"]
[BlackElo "2326"]
[WhiteFideId "4902548"]
[BlackFideId "25679988"]
[EventDate "2024.12.03"]

1. d4 Nf6 2. c4 e6 3. Nf3 d5 4. Nc3 dxc4 5. e4 b5 6. e5 Nd5 7. Nxb5 Nb6 8. Be2
Nc6 9. Be3 Be7 10. a3 Qd7 11. Nc3 Bb7 12. Qc2 Na5 13. Rd1 f5 14. exf6 gxf6 15.
O-O Rg8 16. Ne4 Qa4 17. Qxa4+ Nxa4 18. Nc3 Nxc3 19. bxc3 Bd5 20. g3 Nb3 21. Nd2
Nxd2 22. Rxd2 Kd7 23. a4 Rgb8 24. Bd1 Rb3 25. Bxb3 cxb3 26. Ra1 Rb8 27. Rb2 c5
28. dxc5 Kc6 29. f4 Bxc5 30. Kf2 Bxe3+ 31. Kxe3 Kc5 32. Kd2 Kc4 33. Re1 Rd8 34.
Kc1 Kxc3 35. Re3+ Kb4 36. Rd2 Ka3 37. Rc3 f5 38. a5 a6 39. Rd4 Rd6 40. g4 fxg4
41. Kd2 Rd8 42. f5 Rf8 43. fxe6 Bxe6 44. Rd6 Rf2+ 45. Kd1 Bf5 46. Rxa6 Ka2 47.
Rb6 b2 48. a6 b1=Q+ 49. Rxb1 Kxb1 50. Rc1+ Kb2 51. a7 Be4 52. Rc4 Bf3+ 53. Ke1
Rxh2 54. Rb4+ Kc3 55. Rxg4 Bd5 56. Rg5 Bh1 57. Ra5 Ba8 58. Rc5+ Kd3 59. Rc8 Re2+
60. Kd1 Bf3 61. Rd8+ Ke3 62. a8=Q Ra2+ 63. Qxf3+ Kxf3 64. Rh8 Ra1+ 65. Kd2 Rh1
66. Rf8+ Kg3 67. Ke2 h5 68. Rg8+ Kh3 69. Kf2 h4 70. Rg1 Rh2+ 71. Kf3 Rb2 72.
Rh1+ 1/2-1/2

[Event "Qatar Masters Open 2024"]
[Site "Doha QAT"]
[Date "2024.12.05"]
[Round "3.55"]
[White "Pham, Le Thao Nguyen"]
[Black "Priansh, Das"]
[Result "1-0"]
[WhiteTitle "IM"]
[WhiteElo "2384"]
[BlackElo "2311"]
[WhiteFideId "12401226"]
[BlackFideId "45029946"]
[EventDate "2024.12.03"]

1. d4 Nf6 2. c4 g6 3. Nc3 Bg7 4. e4 d6 5. h3 O-O 6. Be3 c5 7. d5 e6 8. Nf3 exd5
9. cxd5 Re8 10. Nd2 Nxe4 11. Ndxe4 f5 12. Bb5 Re5 13. Nxd6 Qxd6 14. O-O a6 15.
Bf4 axb5 16. Nxb5 Qd7 17. Bxe5 Bxe5 18. Qb3 Qf7 19. Rae1 Nd7 20. Re2 f4 21. Rfe1
Ra6 22. Rxe5 Nxe5 23. Rxe5 Rf6 24. Qc3 f3 25. Qxc5 Qd7 26. Re7 Qf5 27. Re8+ Kg7
28. Rxc8 fxg2 29. Rc7+ 1-0

[Event "Qatar Masters Open 2024"]
[Site "Doha QAT"]
[Date "2024.12.05"]
[Round "3.56"]
[White "Kamalidenova, Meruert"]
[Black "Zhukova, Natalia"]
[Result "1/2-1/2"]
[WhiteTitle "IM"]
[BlackTitle "GM"]
[WhiteElo "2378"]
[BlackElo "2302"]
[WhiteFideId "13712802"]
[BlackFideId "14101513"]
[EventDate "2024.12.03"]

1. e4 e6 2. d4 d5 3. e5 c5 4. c3 Nc6 5. Nf3 Bd7 6. Be2 Nge7 7. O-O Nf5 8. dxc5
Bxc5 9. b4 Bb6 10. Bd3 Nh4 11. Nbd2 Ng6 12. Re1 O-O 13. Nb3 h6 14. a4 Bc7 15.
Bxg6 fxg6 16. b5 Na5 17. Nc5 Bb6 18. Ba3 Rf7 19. Bb4 Qc8 20. Nb3 Nc4 21. h4 a5
22. bxa6 bxa6 23. a5 Bc7 24. Nbd2 Rf4 25. Nxc4 dxc4 26. Qc2 Qe8 27. Re4 Rxe4 28.
Qxe4 Bc6 29. Qxc4 Bxf3 30. gxf3 Qf7 31. Bd6 Bxd6 32. exd6 Qxf3 33. d7 Rf8 34.
Rf1 Kh7 35. Qd4 Rf4 36. Rd1 Rg4+ 37. Kf1 Rxh4 38. Qxh4 Qxd1+ 39. Kg2 Qxd7 40.
Qb4 Qd5+ 41. f3 Qd2+ 42. Kg3 h5 43. Qb6 Qe1+ 44. Kg2 h4 45. Qd6 e5 46. Qd3 Qg3+
47. Kh1 Qh3+ 48. Kg1 Qg3+ 49. Kh1 Qh3+ 50. Kg1 Qf5 51. Qe2 g5 52. c4 Kh6 53. Kg2
Qf4 54. c5 Qg3+ 55. Kh1 Qh3+ 56. Kg1 Qg3+ 57. Kh1 Qh3+ 58. Kg1 Qg3+ 1/2-1/2

[Event "Qatar Masters Open 2024"]
[Site "Doha QAT"]
[Date "2024.12.05"]
[Round "3.57"]
[White "Nurgaliyev, Sauat"]
[Black "Heinemann, Josefine"]
[Result "1/2-1/2"]
[WhiteTitle "IM"]
[BlackTitle "WGM"]
[WhiteElo "2374"]
[BlackElo "2305"]
[WhiteFideId "13726285"]
[BlackFideId "12900460"]
[EventDate "2024.12.03"]

1. e4 e5 2. Nf3 Nc6 3. Bb5 a6 4. Ba4 Nf6 5. O-O Be7 6. d3 b5 7. Bb3 d6 8. a3 Na5
9. Ba2 c5 10. Nc3 Be6 11. Bg5 O-O 12. Bxf6 Bxf6 13. b4 Nc6 14. Nd5 g6 15. c3 Bg7
16. Bb3 Rc8 17. a4 cxb4 18. axb5 axb5 19. Nxb4 Nxb4 20. cxb4 d5 21. Qd2 h6 22.
h3 Rc6 23. Rfb1 Qd6 24. Ra5 Rd8 25. Qa2 Rb6 26. Nd2 dxe4 27. Bxe6 Qxe6 28. Qxe6
Rxe6 29. Nxe4 Rb6 30. Nc3 Bf8 31. Rxb5 Rxb5 32. Nxb5 Rb8 33. Nc3 Rxb4 34. Rxb4
Bxb4 35. Nd5 Bc5 36. g4 f5 37. gxf5 gxf5 38. Ne3 Bxe3 39. fxe3 Kf7 40. Kf2 Ke6
41. Kf3 Kd5 42. d4 exd4 43. exd4 Kxd4 44. Kf4 h5 45. h4 Kd5 46. Kxf5 1/2-1/2

[Event "Qatar Masters Open 2024"]
[Site "Doha QAT"]
[Date "2024.12.05"]
[Round "3.58"]
[White "Jeet, Jain"]
[Black "Kiolbasa, Oliwia"]
[Result "0-1"]
[WhiteTitle "FM"]
[BlackTitle "IM"]
[WhiteElo "2301"]
[BlackElo "2371"]
[WhiteFideId "5073022"]
[BlackFideId "1154613"]
[EventDate "2024.12.03"]

1. e4 e5 2. Nf3 Nc6 3. d4 exd4 4. Nxd4 Nf6 5. Nc3 Bb4 6. Nxc6 bxc6 7. Bd3 O-O 8.
O-O Re8 9. Qf3 h6 10. h3 d6 11. Ne2 Nd7 12. Qg3 Qf6 13. c3 Bc5 14. Bc2 d5 15.
Be3 Bd6 16. f4 dxe4 17. Qf2 Ba6 18. Rfe1 Rab8 19. b3 Bxe2 20. Rxe2 Qxc3 21. Rc1
Qf6 22. Bxa7 Ra8 23. Rxe4 c5 24. Qf3 g6 25. Rxe8+ Rxe8 26. Rf1 Qb2 27. Bd3 Qxa2
28. Qc6 Re7 29. Qb7 Qd2 30. Bc4 Bxf4 31. Qd5 Qe3+ 32. Kh1 Qg3 33. Kg1 Qh2+ 34.
Kf2 Bg3+ 35. Kf3 Ne5+ 36. Ke2 Nxc4+ 37. Kd3 Rd7 0-1

[Event "Qatar Masters Open 2024"]
[Site "Doha QAT"]
[Date "2024.12.05"]
[Round "3.59"]
[White "Manish Anto, Cristiano F"]
[Black "Aitbayev, Aslan"]
[Result "1-0"]
[WhiteTitle "IM"]
[BlackTitle "IM"]
[WhiteElo "2296"]
[BlackElo "2369"]
[WhiteFideId "25095927"]
[BlackFideId "13704613"]
[EventDate "2024.12.03"]

1. e4 c6 2. d4 d5 3. e5 Bf5 4. Nf3 e6 5. Be2 Nd7 6. O-O Ne7 7. Nh4 Bg6 8. Nd2 c5
9. Nxg6 hxg6 10. c3 Nf5 11. Nf3 cxd4 12. cxd4 Qb6 13. a4 Be7 14. g3 O-O 15. a5
Qc7 16. h4 Rfc8 17. Bd3 Nb8 18. g4 Nh6 19. h5 gxh5 20. Bxh6 gxh6 21. Qd2 Kg7 22.
gxh5 Nc6 23. Kh1 Rh8 24. Rg1+ Kf8 25. Qf4 a6 26. Rac1 Ke8 27. Rg7 Rf8 28. Qxh6
Qxa5 29. Rxf7 Rxf7 30. Bg6 Nd8 31. Bxf7+ Nxf7 32. Qxe6 Nd8 33. Qg8+ Bf8 34. Qg6+
Kd7 35. Qf5+ Ke8 36. e6 Qb6 37. Qg6+ Ke7 38. Qh7+ Kf6 39. e7 Ne6 40. exf8=Q+
Rxf8 41. Ne5 Qxd4 42. Nd7+ Kg5 43. Rg1+ Kh4 44. Qe7+ 1-0

[Event "Qatar Masters Open 2024"]
[Site "Doha QAT"]
[Date "2024.12.05"]
[Round "3.60"]
[White "Bakhrillaev, Bakhrom"]
[Black "Munkhzul, Turmunkh"]
[Result "1-0"]
[WhiteTitle "FM"]
[BlackTitle "WGM"]
[WhiteElo "2369"]
[BlackElo "2301"]
[WhiteFideId "14212285"]
[BlackFideId "4901878"]
[EventDate "2024.12.03"]

1. c4 Nf6 2. Nc3 e5 3. g3 Bb4 4. Bg2 O-O 5. e4 Bxc3 6. bxc3 c6 7. a4 d5 8. cxd5
cxd5 9. exd5 Nxd5 10. Qb3 Nb6 11. a5 Be6 12. Qb1 Bd5 13. Nf3 e4 14. Nh4 Nc4 15.
O-O Re8 16. Re1 Nc6 17. d3 N4xa5 18. c4 Be6 19. Bxe4 Nd4 20. Be3 Nac6 21. Nf3
Nxf3+ 22. Bxf3 Ne5 23. Be4 f5 24. Bg2 Qxd3 25. Qxb7 Rab8 26. Qc7 Bf7 27. Bf4
Rbc8 28. Qb7 Ng6 29. Bf1 Qd8 30. Rxa7 Rf8 31. Bc1 Rb8 32. Qf3 Qf6 33. c5 Rb3 34.
Qe2 f4 35. Qe4 fxg3 36. hxg3 Kh8 37. Ra8 Rbb8 38. Rxb8 Rxb8 39. Bg2 Nf8 40. Bf4
Rd8 41. Be5 Qg5 42. c6 Be6 43. c7 Rc8 44. Qf4 Qxf4 45. Bxf4 Kg8 46. Bb7 Re8 47.
Bd6 Kf7 48. Bxf8 1-0

[Event "Qatar Masters Open 2024"]
[Site "Doha QAT"]
[Date "2024.12.05"]
[Round "3.61"]
[White "Bhagat Kush"]
[Black "Dixit, Nikhil"]
[Result "0-1"]
[WhiteTitle "FM"]
[BlackTitle "FM"]
[WhiteElo "2288"]
[BlackElo "2361"]
[WhiteFideId "46672940"]
[BlackFideId "5059534"]
[EventDate "2024.12.03"]

1. d4 Nf6 2. c4 g6 3. Nc3 Bg7 4. e4 d6 5. Be2 O-O 6. Nf3 Bg4 7. O-O Nfd7 8. Be3
c5 9. d5 Na6 10. h3 Bxf3 11. Bxf3 Nc7 12. Be2 e6 13. dxe6 Nxe6 14. Qxd6 Ne5 15.
Qxd8 Rfxd8 16. f4 Nc6 17. e5 Ncd4 18. Bd3 Nf3+ 19. Rxf3 Rxd3 20. Kf2 g5 21. g3
h5 22. Ke2 Rd7 23. Nd5 b5 24. Rd1 Rad8 25. f5 Nd4+ 26. Bxd4 cxd4 27. f6 bxc4 28.
Ne7+ Kh7 29. h4 Bf8 30. Rdf1 Rb8 31. b3 d3+ 32. Kd2 cxb3 33. hxg5 bxa2 34. e6
Rb2+ 35. Ke3 Re2+ 36. Kf4 Rd4+ 37. Kf5 fxe6# 0-1

[Event "Qatar Masters Open 2024"]
[Site "Doha QAT"]
[Date "2024.12.05"]
[Round "3.62"]
[White "George Samir, David"]
[Black "Navrotescu, Andreea"]
[Result "1-0"]
[WhiteTitle "FM"]
[BlackTitle "WGM"]
[WhiteElo "2272"]
[BlackElo "2356"]
[WhiteFideId "10657789"]
[BlackFideId "675946"]
[EventDate "2024.12.03"]

1. d4 Nf6 2. Nc3 d5 3. Bf4 a6 4. e3 e6 5. h4 Bb4 6. f3 Nh5 7. Be5 Nd7 8. Ne2
Nxe5 9. dxe5 Be7 10. g3 g6 11. Qd2 Ng7 12. O-O-O h5 13. e4 c6 14. f4 b5 15. Nd4
Bd7 16. f5 gxf5 17. exf5 Nxf5 18. Nxf5 exf5 19. Bh3 Be6 20. Ne2 Qd7 21. Rhf1
O-O-O 22. Qd3 Bf8 23. Bxf5 Bg7 24. Bxe6 fxe6 25. Nf4 Rdg8 26. Kb1 Rh6 27. Qe2
Qe8 28. Qe3 Qe7 29. Nd3 Rg6 30. Rf3 Bh6 31. Qf2 Rf8 32. Rxf8+ Bxf8 33. Rf1 Bh6
34. Qb6 Qc7 35. Qxa6+ Kb8 36. Nb4 Qd7 37. Nxc6+ Kc7 38. Rf7 Qxf7 39. Qa7+ Kxc6
40. Qxf7 Rxg3 41. Qxe6+ Kc5 42. b4+ Kxb4 43. Qxh6 1-0

[Event "Qatar Masters Open 2024"]
[Site "Doha QAT"]
[Date "2024.12.05"]
[Round "3.63"]
[White "Ezat, Mohamed"]
[Black "Bukreev, Stanislav"]
[Result "1/2-1/2"]
[WhiteTitle "IM"]
[BlackTitle "FM"]
[WhiteElo "2312"]
[BlackElo "2384"]
[WhiteFideId "10600906"]
[BlackFideId "34252347"]
[EventDate "2024.12.03"]

1. d4 Nf6 2. c4 e6 3. Nc3 Bb4 4. e3 O-O 5. Ne2 d5 6. a3 Bd6 7. c5 Be7 8. b4 Nbd7
9. Nf4 c6 10. Nd3 Qc7 11. f4 b6 12. Be2 a5 13. Bd2 Ba6 14. O-O Bc4 15. Be1 axb4
16. axb4 Rxa1 17. Qxa1 Ne4 18. Nxe4 dxe4 19. Nc1 Bxe2 20. Nxe2 Qb7 21. Nc3 Ra8
22. Qd1 bxc5 23. bxc5 f5 24. Bd2 Qb2 25. Qc1 Rb8 26. Qxb2 Rxb2 27. Rd1 Bd8 28.
Kf1 Nf6 29. Ne2 Nd5 30. Ke1 Kf7 31. Ra1 Ke8 32. Kd1 g5 33. g3 g4 34. Ra7 Rb3 35.
Nc1 Rb2 36. Rxh7 Ba5 1/2-1/2

[Event "Qatar Masters Open 2024"]
[Site "Doha QAT"]
[Date "2024.12.05"]
[Round "3.64"]
[White "Arun, Kataria"]
[Black "Bagwe, Gaurang"]
[Result "1-0"]
[WhiteTitle "FM"]
[BlackTitle "FM"]
[WhiteElo "2370"]
[BlackElo "2302"]
[WhiteFideId "46630368"]
[BlackFideId "45039895"]
[EventDate "2024.12.03"]

1. e4 e5 2. Nf3 Nc6 3. Bc4 Nf6 4. Ng5 d5 5. exd5 Na5 6. Bb5+ c6 7. dxc6 bxc6 8.
Bd3 Be7 9. O-O h6 10. Ne4 Nd5 11. Ng3 O-O 12. Bf5 Nc4 13. Bxc8 Rxc8 14. Qe2 Nd6
15. Qxe5 Re8 16. Qh5 g6 17. Qf3 h5 18. d3 h4 19. Ne4 Nb5 20. c3 f5 21. Ned2 h3
22. Nc4 hxg2 23. Kxg2 Kg7 24. Rg1 Bf6 25. Kh1 Qd7 26. a4 Nbc7 27. Qg3 Rh8 28.
Qxg6+ Kf8 29. Re1 Qh7 30. Qxh7 Rxh7 31. Nd6 Rd8 32. Nxf5 Kf7 33. Nh6+ Kg7 34.
Rg1+ Kh8 35. Ng4 Bg7 36. Nd2 Nf4 37. Ne4 Nh3 38. Rg3 Ne6 39. Bd2 Nef4 40. Bxf4
Nxf4 41. Ng5 Ne2 42. Nf7+ Kg8 43. Nxd8 Nxg3+ 44. fxg3 1-0